List of Dependencies and Overseas Territories - Statistics

General Stats
  • This quiz has been taken 697 times
    404 since last reset
  • The average score is 43 of 73
Answer Stats
Hint Answer % Correct
Netherlands Aruba
91%
UK Falkland Islands
91%
Netherlands Curaçao
90%
Denmark Greenland
90%
USA US Virgin Islands
90%
France French Guiana
88%
Denmark Faroe Islands
86%
France Saint Martin
84%
UK Gibraltar
82%
USA Guam
82%
UK Jersey
82%
UK Guernsey
81%
UK Isle of Man
81%
USA Puerto Rico
81%
UK Bermuda
79%
UK British Virgin Islands
79%
Australia Christmas Island
79%
France Guadeloupe
78%
China Hong Kong
78%
France Martinique
78%
Netherlands Sint Maarten
78%
Norway Svalbard
78%
France Réunion
77%
Netherlands Bonaire
76%
China Macao
76%
UK Anguilla
75%
UK Cayman Islands
74%
France French Polynesia
74%
New Zealand Niue
74%
New Zealand Cook Islands
73%
UK Montserrat
73%
UK Saint Helena
71%
UK Turks and Caicos
71%
Finland Aland Islands
70%
France New Caledonia
68%
France Saint Pierre and Miquelon
68%
USA American Samoa
67%
France Mayotte
67%
USA Northern Mariana Islands
67%
France Saint Barthélemy
63%
Australia Cocos Islands
61%
UK British Indian Ocean Territory
60%
UK South Georgia and the South Sandwich Islands
59%
UK Pitcairn Islands
58%
Australia Norfolk Island
57%
New Zealand Tokelau
57%
Norway Jan Mayen Islands
55%
Netherlands Saba
55%
France Wallis and Futuna
55%
UK Akrotiri and Dhekelia
52%
Netherlands Sint Eustatius
52%
UK Tristan da Cunha
48%
UK Ascension
46%
UK British Antarctic Territory
42%
USA Midway Atoll
39%
USA Wake Island
36%
Norway Bouvet Island
34%
Australia Australian Antarctic Territory
31%
France Clipperton Island
30%
France French Southern and Antarctic Lands
29%
USA Navassa Island
29%
USA Johnston Atoll
28%
Norway Queen Maud Land
27%
USA Palmyra Atoll
25%
Australia Coral Sea Islands
23%
USA Jarvis Island
22%
USA Baker Island
21%
USA Kingman Reef
19%
Australia Ashmore and Cartier Islands
18%
USA Howland Island
18%
New Zealand Ross Dependency
16%
Australia Heard Island and McDonald Islands
15%
Norway Peter I Island
12%
No matching quizzes found
Score Distribution
Percent of People with Each Score
Percentile by Number Answered
Your Score History
You have not taken this quiz since the last reset